<?xml version="1.0" encoding="UTF-8"?>
<collection xmlns:xsi="http://www.w3.org/2001/XMLSchema-instance" xsi:schemaLocation="http://www.loc.gov/MARC21/slim http://www.loc.gov/standards/marcxml/schema/MARC21slim.xsd" xmlns="http://www.loc.gov/MARC21/slim">
 <record>
  <leader>00000cam a22000004i 4500</leader>
  <controlfield tag="001">UP-1685594773861620226</controlfield>
  <controlfield tag="003">Buklod</controlfield>
  <controlfield tag="005">20080904141551.0</controlfield>
  <controlfield tag="006">j|||||||||||||| | </controlfield>
  <controlfield tag="007">ta</controlfield>
  <controlfield tag="008">160826s1967    xx ab   r    |||1 0|eng d</controlfield>
  <datafield tag="035" ind1=" " ind2=" ">
   <subfield code="a">(iLib)UPBAG-00003849164</subfield>
  </datafield>
  <datafield tag="040" ind1=" " ind2=" ">
   <subfield code="d">BAG</subfield>
   <subfield code="e">rda</subfield>
  </datafield>
  <datafield tag="041" ind1="0" ind2=" ">
   <subfield code="a">eng</subfield>
  </datafield>
  <datafield tag="090" ind1=" " ind2="0">
   <subfield code="a">QE 741</subfield>
   <subfield code="b">P44 1967</subfield>
  </datafield>
  <datafield tag="245" ind1="0" ind2="0">
   <subfield code="a">Pleistocene studies in Southern Nevada</subfield>
   <subfield code="c">reports, Richard Shutler, Jr. [and five others] ; special reports, Richard H. Brooks [and five others] ; editors, H.M. Wormington and Dorothy Ellis.</subfield>
  </datafield>
  <datafield tag="264" ind1=" " ind2="1">
   <subfield code="a">Carson City, Nevada</subfield>
   <subfield code="b">Nevada State Museum</subfield>
   <subfield code="c">1967.</subfield>
  </datafield>
  <datafield tag="300" ind1=" " ind2=" ">
   <subfield code="a">v, 411 pages</subfield>
   <subfield code="b">illustrations (some color), maps (some color)</subfield>
   <subfield code="c">28 cm</subfield>
  </datafield>
  <datafield tag="490" ind1="0" ind2=" ">
   <subfield code="a">Nevada State Museum anthropological papers</subfield>
   <subfield code="v">no. 13</subfield>
  </datafield>
  <datafield tag="504" ind1=" " ind2=" ">
   <subfield code="a">Includes bibliographical references.</subfield>
  </datafield>
  <datafield tag="505" ind1="0" ind2=" ">
   <subfield code="a">Introduction -- Acknowledgenments -- Staff and advisory committee / Richard Shutler ,Jr. -- Part 1. Quarterly geology of the Tule spring area, Clark county, Nevada / C. Vance Haynes -- Part 2. Fossil bertebrates of the Tule spring site, Nevada / John E. Mawby -- Part 3. Pollen analysis of the Tule spring site, Nevada / Peter J. Mehringer, Jr. -- Part 4. The biotic communities of Southern Nevada / W. Glen Bradley and James E. Deacon -- Part 5. Archeology of Tule springs / Richard Shutler, Jr. -- Cultural chronology in Southern Nevada / Richard Shutler, Jr. -- Part 7. Locality 1 (C1-244), Tule springs, Nevada / Walter T. Stein -- Locality 2 (C1-245), Tule springs, Nevada / Richard H. Brooks, Robert Orlins and Pete Williams -- Localities 3 and 4a (C1-246, C1-259), Tule springs, Nevada / Robert Fitzwater -- Locality 4 (C1-247), Tule springs Nevada / Christopher Dove -- Locality 5 (C1-248), Tule springs, Nevada / Donald T. Tuohy -- Part 8. Late pleistocene molluscan shells from the Tule springs area / Dwight W. Taylor -- A comparative analysis of bone from locality 2, Tule spring, Nevada / Richard H. Brooks.</subfield>
  </datafield>
  <datafield tag="650" ind1=" " ind2="0">
   <subfield code="a">Paleontology</subfield>
   <subfield code="z">Nevada.</subfield>
  </datafield>
  <datafield tag="650" ind1=" " ind2="0">
   <subfield code="a">Paleontology</subfield>
   <subfield code="x">Pleistocene.</subfield>
  </datafield>
  <datafield tag="651" ind1=" " ind2="0">
   <subfield code="a">Tule Springs, Clark County, Nevada.</subfield>
  </datafield>
  <datafield tag="700" ind1="1" ind2=" ">
   <subfield code="a">Shutler, Richard, Jr.</subfield>
   <subfield code="e">contributor.</subfield>
  </datafield>
  <datafield tag="700" ind1="1" ind2=" ">
   <subfield code="a">Haynes, C. Vance</subfield>
   <subfield code="e">contributor.</subfield>
  </datafield>
  <datafield tag="700" ind1="1" ind2=" ">
   <subfield code="a">Mawby, John E.</subfield>
   <subfield code="e">contributor.</subfield>
  </datafield>
  <datafield tag="700" ind1="1" ind2=" ">
   <subfield code="a">Mehringer, Peter J.</subfield>
   <subfield code="e">contributor.</subfield>
  </datafield>
  <datafield tag="700" ind1="1" ind2=" ">
   <subfield code="a">Bradley, W. Glen.</subfield>
   <subfield code="e">contributor.</subfield>
  </datafield>
  <datafield tag="700" ind1="1" ind2=" ">
   <subfield code="a">Deacon, James E.</subfield>
   <subfield code="e">contributor.</subfield>
  </datafield>
  <datafield tag="700" ind1="1" ind2=" ">
   <subfield code="a">Brooks, Richard H.</subfield>
   <subfield code="e">contributor.</subfield>
  </datafield>
  <datafield tag="700" ind1="1" ind2=" ">
   <subfield code="a">Dove, Christopher.</subfield>
   <subfield code="e">contributor.</subfield>
  </datafield>
  <datafield tag="700" ind1="1" ind2=" ">
   <subfield code="a">Fitzwater, Robert J.</subfield>
   <subfield code="e">contributor.</subfield>
  </datafield>
  <datafield tag="700" ind1="1" ind2=" ">
   <subfield code="a">Stein, Walter T.</subfield>
   <subfield code="e">contributor.</subfield>
  </datafield>
  <datafield tag="700" ind1="1" ind2=" ">
   <subfield code="a">Taylor, Dwight W.</subfield>
   <subfield code="e">contributor.</subfield>
  </datafield>
  <datafield tag="700" ind1="1" ind2=" ">
   <subfield code="a">Tuohy, Donald R.</subfield>
   <subfield code="e">contributor.</subfield>
  </datafield>
  <datafield tag="700" ind1="1" ind2=" ">
   <subfield code="a">Wormington, H.M.</subfield>
   <subfield code="e">editor.</subfield>
  </datafield>
  <datafield tag="700" ind1="1" ind2=" ">
   <subfield code="a">Ellis, Dorothy.</subfield>
   <subfield code="e">editor.</subfield>
  </datafield>
  <datafield tag="852" ind1="0" ind2=" ">
   <subfield code="a">UPBAG</subfield>
   <subfield code="b">UPBAG-MAIN</subfield>
   <subfield code="h">QE 741 P44 1967</subfield>
  </datafield>
  <datafield tag="942" ind1=" " ind2=" ">
   <subfield code="a">Book</subfield>
  </datafield>
 </record>
</collection>
